000 00255nam a22001211a 4500
999 _c166991
_d166991
082 _aS 294.592
_b
245 _aBrhadaranyaka vartikasara/
260 _a
_b
_c
650 _aVedic Literature
650 _aHinduism
650 _aReligion
942 _cBK